000
00267nam a2200097Ia 4500
008
190216s9999||||xx |||||||||||||| ||und||
100
_a
Nagarajan K
245
0
_a
Virus Diseas Of Potato In India And Their Central
260
_b
Indian Council Og Agri Research
942
_c
BK
999
_c
1230
_d
1230